The William H. Gross collection, United States classics, 1847-1869 [exhibit] (Record no. 2074)

000 -LEADER
fixed length control field 00526nam a22001217a 4500
008 - FIXED-LENGTH DATA ELEMENTS--GENERAL INFORMATION
fixed length control field 161024b xxu||||| |||| 00| 0 eng d
100 ## - MAIN ENTRY--AUTHOR'S NAME
Author's Name Gross, William H.
245 ## - TITLE STATEMENT
Title The William H. Gross collection, United States classics, 1847-1869 [exhibit]
260 ## - PUBLICATION, DISTRIBUTION, ETC. (IMPRINT)
Name of publisher, distributor, etc. Co-published by William H. Gross and the Collectors Club
Date of publication, distribution, etc. 2008
650 ## - TOPICAL TERM (Tag)
Topical term or geographic name United States -- Classic Issues -- 1847-1969 | 19th Century | Postal Markings | Postal History | Rare Issues and Covers | MLC
700 ## - SECONDARY AUTHOR, EDITOR OR ILLUSTRATOR
Personal Name Spink Shreves Gallaries
700 ## - SECONDARY AUTHOR, EDITOR OR ILLUSTRATOR
Personal Name Collectors Club
Holdings
Withdrawn status Lost status Source of classification or shelving scheme Damaged status Koha normalized classification for sorting Not for loan Permanent Location Current Location Date acquired Total Checkouts Full call number Barcode Date last seen Copy number Price effective from Koha item type Shelving location
        G3701 C614 G878   Northern Philatelic Library Northern Philatelic Library 10/24/2016   G3701 C614 G878 1001135 10/24/2016 1 10/24/2016 Books  
        G3701 C614 G878   Northern Philatelic Library Northern Philatelic Library 05/29/2025   G3701 C614 G878 1006148 05/29/2025   05/29/2025 Books General Stacks

Powered by Koha